Normal view
MARC view
- العلماء المسلمون-تراجم
Entry Topical Term
001 - CONTROL NUMBER
- control field: 20987
003 - CONTROL NUMBER IDENTIFIER
- control field: JO-AjAnu
005 - DATE AND TIME OF LATEST TRANSACTION
- control field: 20230606073637.0
008 - FIXED-LENGTH DATA ELEMENTS
- fixed length control field: 230606|| aca||aabn | a|a d
040 ## - CATALOGING SOURCE
- Original cataloging agency: JO-AjAnu
- Transcribing agency: JO-AjAnu
150 ## - HEADING--TOPICAL TERM
- Topical term or geographic name entry element: العلماء المسلمون-تراجم
670 ## - SOURCE DATA FOUND
- Source citation: Work cat.: (JO-AjAnu)10783: السيوطي،جلال الدين ، سارتين،اليزابيث ماري/تحقيق ، الغباري،عوض/تقديم, author 20986, كتاب التحدث بنعمة الله